Elementos de Derecho penal / (Record no. 110773)

MARC details
000 -LEADER
campo de control de longitud fija 01095nam a2200265 i 4500
001 - NÚMERO DE CONTROL
campo de control 110773
003 - IDENTIFICADOR DE NÚMERO DE CONTROL
campo de control ES-MaACL
005 - FECHA Y HORA DE LA ÚLTIMA TRANSACCIÓN
campo de control 20250912063048.0
007 - CAMPO FIJO DE DESCRIPCIÓN FÍSICA--INFORMACIÓN GENERAL
campo de control de longitud fija t|
008 - DATOS DE LONGITUD FIJA--INFORMACIÓN GENERAL
campo de control de longitud fija 070125s1913 sp ||||1| spa d
100 1# - ENTRADA PRINCIPAL--NOMBRE DE PERSONA
Nombre de persona Pessina, Enrico,
Fechas asociadas al nombre 1828-1916
9 (RLIN) 91450
245 10 - MENCIÓN DEL TÍTULO
Título Elementos de Derecho penal /
Mención de responsabilidad, etc. por Enrique Pessina ; traducción del italiano por Hilarión González del Castillo ; prólogo y adición con arreglo al derecho español por Félix de Aramburu y Zuluaga.
250 ## - MENCION DE EDICION
Mención de edición 2ª ed.
Resto de la mención de edición por Eugenio Cuello Calón.
260 ## - PUBLICACIÓN, DISTRIBUCIÓN, ETC.
Lugar de publicación, distribución, etc. Madrid :
Nombre del editor, distribuidor, etc. Hijos de Reus,
Fecha de publicación, distribución, etc. 1913.
300 ## - DESCRIPCIÓN FÍSICA
Extensión 940 p. ;
Dimensiones 23 cm.
490 1# - MENCIÓN DE SERIE
Mención de serie Biblioteca jurídica de autores españoles y extranjeros ;
Designación de volumen o secuencia 4
500 ## - NOTA GENERAL
Nota general Sin portada.
650 07 - PUNTO DE ACCESO ADICIONAL DE MATERIA--TÉRMINO DE MATERIA
Término de materia o nombre geográfico como elemento de entrada Derecho penal
Fuente del encabezamiento o término embne
9 (RLIN) 11749
700 1# - ENTRADA AGREGADA--NOMBRE PERSONAL
Nombre de persona Aramburu y Zuloaga, Félix de,
Fechas asociadas al nombre 1848-1913
9 (RLIN) 22232
700 1# - ENTRADA AGREGADA--NOMBRE PERSONAL
Nombre de persona González del Castillo, Hilarión,
Fechas asociadas al nombre 1869-1941
9 (RLIN) 58582
700 1# - ENTRADA AGREGADA--NOMBRE PERSONAL
Nombre de persona Cuello Calón, Eugenio.
9 (RLIN) 41986
830 0# - PUNTO DE ACCESO ADICIONAL DE SERIE-TÍTULO UNIFORME
Título uniforme Biblioteca jurídica de autores españoles y extranjeros ;
Designación de volumen o secuencia 4
9 (RLIN) 182228
852 ## - LOCALIZACIÓN
Ubicación ES-MaACL
Número de control de estantería E-3025
Holdings
Estatus retirado Estado de pérdida Estado de daño No para préstamo Biblioteca de origen Biblioteca actual Ubicación en estantería Fecha de adquisición Fuente de adquisición Total de préstamos Signatura topográfica completa Código de barras Visto por última vez Precio de reemplazo Tipo de ítem Koha
        Biblioteca del Ateneo de Madrid Biblioteca del Ateneo de Madrid Depósito 2 17/01/2008     E-3025 1115579 23/02/2023 23/02/2023 Libro impreso